| 000 | 01847cam a22003497a 4500 | ||
|---|---|---|---|
| 001 | 16597563 | ||
| 003 | GBCCL | ||
| 005 | 20251120144216.0 | ||
| 008 | 110104s2011 nju b 000 0 eng | ||
| 020 |
_a9781596382510 _qpbk. |
||
| 035 | _a16597563 | ||
| 040 |
_aDLC _cDLC |
||
| 082 | 0 | 0 |
_a236 _222 _bTHE 1 |
| 245 | 1 | 0 |
_aThese last days : _ba Christian view of history / _cedited by Richard D. Phillips and Gabriel N.E. Fluhrer. |
| 260 |
_aPhillipsburg, N.J. : _bP & R Pub., _cc2011. |
||
| 300 |
_axii, 193 p. ; _c22 cm. |
||
| 336 |
_atext _btxt _2rdacontent |
||
| 337 |
_aunmediated _bn _2rdamedia |
||
| 338 |
_avolume _bnc _2rdacarrier |
||
| 500 | _aPapers from the thirty-sixth meeting of the Philadelphia Conference on Reformed Theology held in the spring of 2010. | ||
| 504 | _aIncludes bibliographical references. | ||
| 505 | 0 | _aThe Christ of history / Sinclair Ferguson -- This present evil age / D.A. Carson -- The age of the Spirit / Alistair Begg -- The resurrection of hope / Michael S. Horton -- The eternal glory / J. Ligon Duncan III -- Partakers of the age to come / D.A. Carson -- The four main millennial views / Cornelis P. Venema -- A pastoral guide to life after death / Richard D. Phillips -- Evangelical eschatology, American style / Jeffrey K. Jue -- The radical implications of eternity / Paul David Tripp. | |
| 650 | 0 |
_aEschatology _vCongresses. |
|
| 650 | 0 |
_aReformed Church _xDoctrines _vCongresses. |
|
| 655 | 7 |
_aConference papers and proceedings. _2lcgft _0https://id.loc.gov/authorities/genreForms/gf2014026068 |
|
| 700 | 1 |
_aPhillips, Richard D. _q(Richard Davis), _d1960- |
|
| 700 | 1 |
_aFluhrer, Gabriel N. E., _d1978- |
|
| 906 |
_a7 _bcbc _corigcop _d2 _encip _f20 _gy-gencatlg |
||
| 942 |
_2ddc _cBK _n0 |
||
| 999 |
_c11065 _d11065 |
||